International Journal of Web Applications (IJWA) (Record no. 10035)

MARC details
000 -LEADER
fixed length control field 00490nam a22001217a 4500
003 - CONTROL NUMBER IDENTIFIER
control field OSt
008 - FIXED-LENGTH DATA ELEMENTS--GENERAL INFORMATION
fixed length control field 201218b ||||| |||| 00| 0 eng d
245 ## - TITLE STATEMENT
Title International Journal of Web Applications (IJWA)
250 ## - EDITION STATEMENT
Edition statement 2013(Mar Vol.5 No.1, Jun Vol.5 No.2, Sep Vol.5 No.3, Dec Vol.5 No.4) 2014(Mar Vol.6 No.1, Jun Vol.6 No.2, Sep Vol.6 No.3, Dec Vol.6 No.4)
260 ## - PUBLICATION, DISTRIBUTION, ETC. (IMPRINT)
Place of publication, distribution, etc Harrison Street, USA
Name of publisher, distributor, etc Digital Information Research Foundation
650 ## - SUBJECT ADDED ENTRY--TOPICAL TERM
Topical term or geographic name as entry element Computer Science Engineering
942 ## - ADDED ENTRY ELEMENTS (KOHA)
Source of classification or shelving scheme Dewey Decimal Classification
Koha item type BOUND VOLUME
Holdings
Withdrawn status Lost status Source of classification or shelving scheme Materials specified (bound volume or other part) Damaged status Not for loan Collection code Home library Current library Date acquired Source of acquisition Serial Enumeration / chronologySerial Enumeration / Volume No. Total Checkouts Acc. no. / Barcode Date last seen Bill Date Koha item type
    Dewey Decimal Classification Bound Volume   Not For Loan B.Tech(CSE) PIET C-LIBRARY PIET C-LIBRARY 19/12/2020 Digital Information Research Foundation 2013(Mar Vol.5 No.1, Jun Vol.5 No.2, Sep Vol.5 No.3, Dec Vol.5 No.4) 2014(Mar Vol.6 No.1, Jun Vol.6 No.2, Sep Vol.6 No.3, Dec Vol.6 No.4)   BV773 19/12/2020 09/01/2013 BOUND VOLUME

Design & Developed by: PIET Central Library
R70 Miles Stone Pattikalyana Samalkha Panipat 132102
mail ID :- [email protected], Phone No:- 0180-2569700 Ex.216